000 00496nam a2200193Ia 4500
003 GCL
008 140319s9999 xx 000 0 eng d
040 _aGCL /
_cGCL
082 0 4 _a746.44
_bP E
100 1 _aPAINE, SHE
245 1 0 _aEMBROIDERED TEXTILES: TRADITIONAL PATTERNS FROM FIVE CONTINENTS /
_cPAINE, SHE
260 _a[S.N] :
_bTHAMES AND HUDSON
300 _a192 P
650 0 4 _aTEXTILE
650 0 4 _aHANDCRAFT
650 0 4 _aDECORATION
650 0 4 _aEMBROIDERY
942 _2ddc
_cBK
999 _c20894
_d20894